Подробности
| 000 -МАРКЕР |
| контрольное поле |
03563nam0a22004931 4500 |
| 001 - ИДЕНТИФИКАТОР ЗАПИСИ |
| контрольное поле |
v19\rc\2103653 |
| 005 - ИДЕНТИФИКАТОР ВЕРСИИ |
| контрольное поле |
20260408063534.0 |
| 035 ## - ДРУГИЕ СИСТЕМНЫЕ НОМЕРА |
| Идентификатор записи |
(NLR Aleph) 005278645 |
| 100 ## - ДАННЫЕ ОБЩЕЙ ОБРАБОТКИ |
| Данные общей обработки |
20090914d1805 |||y0rusy50 ca |
| 101 1# - ЯЗЫК РЕСУРСА |
| Язык текста, звукозаписи и т.д. |
русский |
| -- |
немецкий |
| Язык оригинала |
немецкий |
| 102 ## - СТРАНА ПУБЛИКАЦИИ ИЛИ ПРОИЗВОДСТВА |
| Страна публикации |
Российская Федерация |
| 135 ## - ПОЛЕ КОДИРОВАННЫХ ДАННЫХ: ЭЛЕКТРОННЫЕ РЕСУРСЫ |
| Кодированные данные для электронного ресурса |
crcn 024anaba |
| 140 ## - ПОЛЕ КОДИРОВАННЫХ ДАННЫХ: СТАРОПЕЧАТНЫЕ ИЗДАНИЯ - ОБЩАЯ ИНФОРМАЦИЯ |
| Кодированные данные о старопечатном издании - Основные |
y y ka yaa0000 |
| 200 1# - ЗАГЛАВИЕ И СВЕДЕНИЯ ОБ ОТВЕТСТВЕННОСТИ |
| Основное заглавие |
Примечания о распространяющемся повсюду недостатке в лесу, как и о удобном употреблении искуснаго к топлению навознаго торфа |
| Первые сведения об ответственности |
от доктора Франца Буттаца |
| 210 ## - ПУБЛИКАЦИЯ, РАСПРОСТРАНЕНИЕ И ДР. |
| Место издания, распространения и т.д. |
В Санктпетербурге |
| Имя издателя, распространителя и т. д. |
печатано в типографии Шнора |
| Дата издания, распространения и т.д. |
1805 |
| 215 ## - ФИЗИЧЕСКАЯ ХАРАКТЕРИСТИКА |
| Специфическое обозначение материала и объем |
32, 30, [2] с. |
| Размеры |
8° |
| 300 ## - ОБЩИЕ ПРИМЕЧАНИЯ |
| Текст примечания |
Текст на нем. (1-я паг.) и рус. (2-я паг.) яз. |
| 300 ## - ОБЩИЕ ПРИМЕЧАНИЯ |
| Текст примечания |
Имеется также тит. л. на нем. яз.: Bemerkungen über den sich überall verbreitenden Holzmangel und über den zweckmässigen künstlichen Mist-Torf zur Feuerung / Von Doctor Franz Bouttatz/ - St. Petersburg : Gedruckt in der Schnoorschen Buchdruckerey, 1805 |
| 300 ## - ОБЩИЕ ПРИМЕЧАНИЯ |
| Текст примечания |
Ценз.: С дозволения цензуры (тит. л.) |
| 300 ## - ОБЩИЕ ПРИМЕЧАНИЯ |
| Текст примечания |
На с.3 2-й паг. посвящ. авт. Александру I с подписью: Франц Буттац. Такое же посвящ. на нем. яз. на с.3 1-й паг. |
| 309 ## - ПРИМЕЧАНИЯ ОБ ОСНОВНОМ ИСТОЧНИКЕ ИНФОРМАЦИИ И ОБ ОСОБЕННОСТЯХ ПОЛИГРАФИЧЕСКОГО ОФОРМЛЕНИЯ ИЗДАНИЯ |
| Текст примечания |
Описано по тит. л. на рус. яз. (с.1 2-й паг.) |
| 316 ## - ПРИМЕЧАНИЯ ОБ ОСОБЕННОСТЯХ ЭКЗЕМПЛЯРА |
| Текст примечания |
Экз. РНБ (18.100.1.371) в картон. пер., обтянутом серо-голубым атласным шелком. На крышках пер. золотом вытиснена рамка. Корешок гладкий. Обрез золотой. Форзац и нахзац из мрамор. бумаги. На форзаце ярлык с шифром РНБ. На нахзаце техн. штамп. На с.1 первой паг. (тит. л. на нем. яз.), с.15 и 30 2-й паг. круглый штамп ГПБ. Размер: 20х12,2х1,1 см. |
| Организация и экземпляр, к которому относится поле |
NLR: 18.100.1.371 |
| 321 1# - ПРИМЕЧАНИЯ ОБ ОТДЕЛЬНО ИЗДАННЫХ УКАЗАТЕЛЯХ / РЕФЕРАТАХ / ССЫЛКАХ, ОТРАЖАЮЩИХ КАТАЛОГИЗИРУЕМЫЙ ДОКУМЕНТ |
| Примечания об указателях, рефератах, ссылках |
СК 1801-1825 889 |
| 325 ## - ПРИМЕЧАНИЕ О КОПИИ |
| Текст примечания |
Копия доступна в Электрон. б-ке РНБ |
| 513 1# - ЗАГЛАВИЕ НА ДОПОЛНИТЕЛЬНОМ ТИТУЛЬНОМ ЛИСТЕ |
| Заглавие на дополнительном титульном листе |
Bemerkungen über den sich überall verbreitenden Holzmangel und über den zweckmässigen künstlichen Mist-Torf zur Feuerung |
| Язык заглавия |
немецкий |
| 700 #1 - ИМЯ ЛИЦА - ПЕРВИЧНАЯ ОТВЕТСТВЕННОСТЬ |
| Графика поля |
Кириллица |
| Материалы, к которым относится поле |
rus |
| Начальный элемент ввода |
Буттац |
| Часть имени, кроме начального элемента ввода |
Ф. И. |
| Даты |
1775- |
| Расширение инициалов личного имени |
Франц Иванович |
| Системный номер авторитетной/нормативной записи |
185454 |
| Идентификатор авторитетной/нормативной записи |
RU\NLR\AUTH\770185505 |
| 702 #0 - ИМЯ ЛИЦА - ВТОРИЧНАЯ ОТВЕТСТВЕННОСТЬ |
| Код отношения |
Объект посвящения |
| Графика поля |
Кириллица |
| Материалы, к которым относится поле |
rus |
| Начальный элемент ввода |
Александр |
| Дополнения к именам, кроме дат |
император российский |
| Римские цифры |
I |
| Даты |
1777-1825 |
| Системный номер авторитетной/нормативной записи |
115306 |
| Идентификатор авторитетной/нормативной записи |
RU\NLR\AUTH\775342 |
| 712 00 - НАИМЕНОВАНИЕ ОРГАНИЗАЦИИ - ВТОРИЧНАЯ ОТВЕТСТВЕННОСТЬ |
| Код отношения |
Печатник (типограф) |
| Графика поля |
Латинская |
| Начальный элемент ввода |
Шнор, |
| Идентифицирующий признак |
Петербург |
| Инверсированный элемент |
И. K., |
| Часть наименования, отличная от начального элемента ввода и от инверсированного элемента |
типография |
| Системный номер авторитетной/нормативной записи |
569792 |
| Идентификатор авторитетной/нормативной записи |
RU\NLR\AUTH\8810035686 |
| 801 #0 - ИСТОЧНИК ЗАПИСИ |
| Страна |
Российская Федерация |
| Организация |
NLR |
| Дата составления |
20090914 |
| Правила каталогизации |
psbo |
| 801 #1 - ИСТОЧНИК ЗАПИСИ |
| Страна |
Российская Федерация |
| Организация |
ProSoft-M |
| Дата составления |
20090914 |
| Источник данных |
rusmarc |
| 801 #2 - ИСТОЧНИК ЗАПИСИ |
| Страна |
Российская Федерация |
| Организация |
NLR |
| Дата составления |
20120403 |
| Источник данных |
rusmarc |
| 852 ## - МЕСТОНАХОЖДЕНИЕ И ШИФР ХРАНЕНИЯ |
| Идентификатор организации |
NLR |
| Шифр хранения (Call Number) |
18.100.1.371 |
| 942 ## - ДОПОЛНИТЕЛЬНЫЕ ЭЛЕМЕНТЫ ЗАПИСИ (АБИС) |
| Тип экземпляра АБИС |
Книга |
| 980 ## - КОЛЛЕКЦИЯ |
| Название коллекции |
Национальная библиография |
| 980 3# - КОЛЛЕКЦИЯ |
| Название коллекции |
КП2020 Первая четверть 19 в. |
| 980 3# - КОЛЛЕКЦИЯ |
| Название коллекции |
КП2020 Книжные памятники 2020 г. |
| 980 3# - КОЛЛЕКЦИЯ |
| Название коллекции |
Книжные памятники РНБ |
| 981 22 - КОЛЛЕКЦИЯ ЭЛЕКТРОННОЙ БИБЛИОТЕКИ |
| Название коллекции |
Материалы по истории России |
| Название подколлекции |
2.05. Культура. Наука. Просвещение. |
| 981 20 - КОЛЛЕКЦИЯ ЭЛЕКТРОННОЙ БИБЛИОТЕКИ |
| Название коллекции |
Книжные памятники РНБ |
| Название подколлекции |
Русский книжный фонд |